| 000 | 00779nam a2200253Ia 4500 | ||
|---|---|---|---|
| 003 | OSt | ||
| 005 | 20220927110351.0 | ||
| 006 | a|||||r|||| 00| 0 | ||
| 007 | ta | ||
| 008 | 220926b |||||||| |||| 00| 0 eng d | ||
| 024 | _a38250 | ||
| 037 | _cReports | ||
| 040 |
_aRTL _cRTL _beng |
||
| 041 |
_2eng _aeng |
||
| 082 | _a"X.438.N58, K0/GD" | ||
| 100 |
_aSanker E C _9376819 |
||
| 245 | 0 | _a"Report on economic and commercial conditions in Burma for the year 1958,1960" | |
| 260 |
_aSimala _bM O P _c1960 |
||
| 300 |
_a99p _ccm. |
||
| 490 | _a"India, Commerce and Industry (M/o-), Publication)" | ||
| 650 |
_aEconomic Conditions South East Asia _9351484 |
||
| 942 |
_h"X.438.N58, K0/GD" _cCC |
||
| 999 |
_c695878 _d695878 |
||